[Event "1A liga SSFBiH"]
[Site "Bosanska Krupa, hotel "]
[Date "2018.08.28"]
[Round "5.2"]
[White "Terzic, Ilijas"]
[Black "Trkulja, Goran"]
[Result "0-1"]
[WhiteElo "2143"]
[BlackElo "2295"]
[PlyCount "101"]
[EventDate "2018.08.25"]
[EventRounds "9"]
[EventCountry "BIH"]
[WhiteTeam "ŠK Sarajevo"]
[BlackTeam "ŠK Bihac"]

1. d4 d5 2. Nf3 Bg4 3. Ne5 Bf5 4. c4 f6 5. Nf3 e6 6. Nc3 Nc6 7. cxd5 exd5 8.
Bf4 g5 9. Bg3 h5 10. h3 Bd6 11. Bxd6 Qxd6 12. e3 O-O-O 13. Bd3 Nge7 14. Bxf5+
Nxf5 15. Qd3 Qe6 16. Na4 b6 17. Rc1 g4 18. Rxc6 Qxc6 19. Qxf5+ Kb8 20. Nc3 gxf3
21. Qxf3 h4 22. O-O Qe6 23. Rc1 Rhg8 24. Kf1 Rd7 25. Ne2 Qe4 26. Qxe4 dxe4 27.
Nf4 c5 28. dxc5 Rd2 29. c6 Rxb2 30. Nd5 Rg7 31. Nxf6 Re7 32. a4 a5 33. Nd5 Rf7
34. Nf4 b5 35. axb5 Rxb5 36. Rc4 Re5 37. g4 Ra7 38. Ra4 Kc7 39. Ng6 Re8 40. g5
Kxc6 41. Nxh4 Kb5 42. Ra2 Kb4 43. Nf5 Kb3 44. Rd2 a4 45. Nd4+ Kc4 46. Kg2 a3
47. Ra2 Ra6 48. h4 Rb8 49. h5 Rb2 50. Rxa3 Rxa3 51. g6 0-1

[Event "1A liga SSFBiH"]
[Site "Bosanska Krupa, hotel "]
[Date "2018.08.28"]
[Round "5.4"]
[White "Halilovic, Fahrudin"]
[Black "Arnaut, Armin"]
[Result "0-1"]
[WhiteElo "2055"]
[BlackElo "2070"]
[PlyCount "96"]
[EventDate "2018.08.25"]
[EventRounds "9"]
[EventCountry "BIH"]
[WhiteTeam "ŠK Sarajevo"]
[BlackTeam "ŠK Bihac"]

1. e4 c5 2. Nc3 g6 3. g3 Bg7 4. Bg2 Nc6 5. Nge2 d6 6. O-O Nf6 7. d3 O-O 8. f4
Rb8 9. a4 a6 10. h3 Nd7 11. Nd5 e6 12. Ne3 f5 13. g4 Nf6 14. Ng3 Ne7 15. a5 d5
16. Qf3 b5 17. exf5 exf5 18. g5 Ne8 19. Nxd5 Bb7 20. Nxe7+ Qxe7 21. Qe2 Qxe2
22. Nxe2 Nc7 23. Bxb7 Rxb7 24. c3 Rd8 25. Rd1 Ne6 26. Be3 Rbd7 27. Nc1 b4 28.
Bd2 Kf7 29. Rb1 Rb8 30. cxb4 cxb4 31. Be3 Rb5 32. Nb3 Rbd5 33. Kf2 Rxd3 34.
Rxd3 Rxd3 35. Nd2 Bd4 36. Nc4 Bxe3+ 37. Nxe3 Nxf4 38. h4 Rd2+ 39. Kf3 Nd3 40.
Rd1 Ne5+ 41. Kf4 Rxd1 42. Nxd1 Nc4 43. h5 Ke6 44. hxg6 hxg6 45. Nf2 Nxb2 46.
Ke3 Nc4+ 47. Kd4 Nxa5 48. Nd3 Nb7 0-1

[Event "1A liga SSFBiH"]
[Site "Bosanska Krupa, hotel "]
[Date "2018.08.28"]
[Round "5.5"]
[White "Stankovic, Dragan"]
[Black "Strinic, Halid"]
[Result "1/2-1/2"]
[WhiteElo "1924"]
[BlackElo "2116"]
[PlyCount "90"]
[EventDate "2018.08.25"]
[EventRounds "9"]
[EventCountry "BIH"]
[WhiteTeam "ŠK Bihac"]
[BlackTeam "ŠK Sarajevo"]

1. e4 c5 2. Nf3 d6 3. d4 cxd4 4. Nxd4 Nf6 5. Nc3 a6 6. Be3 e5 7. Nf3 Qc7 8. Bd3
Be7 9. Qd2 b5 10. Bg5 Bb7 11. Bxf6 Bxf6 12. Rd1 Be7 13. O-O Nd7 14. a4 bxa4 15.
Nxa4 O-O 16. c4 f5 17. Nc3 Nc5 18. Rfe1 fxe4 19. Nxe4 a5 20. Nxc5 Qxc5 21. Be4
Bxe4 22. Rxe4 Rab8 23. h3 Rb4 24. Qd5+ Qxd5 25. Rxd5 a4 26. Rb5 Rb8 27. Rxb8+
Rxb8 28. c5 d5 29. Rxa4 e4 30. Ne5 Bxc5 31. Ra5 Rc8 32. Nd7 Bd6 33. g3 Rc1+ 34.
Kg2 Rd1 35. Ra6 Be7 36. Ne5 h5 37. g4 hxg4 38. Nxg4 Rd2 39. Ra5 Bh4 40. Kf1 d4
41. Re5 d3 42. Rxe4 Rxb2 43. Rd4 d2 44. Ke2 d1=Q+ 45. Kxd1 Bxf2 1/2-1/2

[Event "1A liga SSFBiH"]
[Site "Bosanska Krupa, hotel "]
[Date "2018.08.28"]
[Round "5.6"]
[White "Omanovic, Vahidin"]
[Black "Nuhanovic, Nermin"]
[Result "1/2-1/2"]
[WhiteElo "2017"]
[BlackElo "1827"]
[PlyCount "54"]
[EventDate "2018.08.25"]
[EventRounds "9"]
[EventCountry "BIH"]
[WhiteTeam "ŠK Sarajevo"]
[BlackTeam "ŠK Bihac"]

1. b3 Nf6 2. Bb2 d6 3. g3 e5 4. Bg2 Be7 5. e3 Nc6 6. Ne2 Be6 7. d4 exd4 8. exd4
Bf5 9. d5 Ne5 10. Nbc3 Bg4 11. f4 Ng6 12. h3 Bd7 13. Qd2 a5 14. a4 O-O 15. Nd4
Nh5 16. Nce2 Re8 17. O-O c5 18. dxc6 bxc6 19. g4 Nf6 20. Ng3 Rc8 21. g5 Nd5 22.
Ndf5 Ndxf4 23. Qd4 Ne6 24. Qxg7+ Nxg7 25. Nh6+ Kh8 26. Nxf7+ Kg8 27. Nh6+ Kh8
1/2-1/2

[Event "1A liga SSFBiH"]
[Site "Bosanska Krupa, hotel "]
[Date "2018.08.28"]
[Round "5.1"]
[White "Zajic, Milan"]
[Black "Markovic, Dino"]
[Result "1-0"]
[WhiteElo "2503"]
[BlackElo "2010"]
[PlyCount "167"]
[EventDate "2018.08.25"]
[EventRounds "9"]
[EventCountry "BIH"]
[WhiteTeam "ŠK Goražde"]
[BlackTeam "ŠK Preporod, Zenica"]

1. e4 e6 2. d4 d5 3. Nd2 c5 4. exd5 Qxd5 5. dxc5 Bxc5 6. Ngf3 Nf6 7. Bc4 Qd6 8.
O-O O-O 9. Qe2 Qc7 10. Ne4 Be7 11. Bg5 Nbd7 12. Rad1 a6 13. a4 b6 14. Nxf6+
Bxf6 15. Bd3 Bb7 16. Bxh7+ Kxh7 17. Qd3+ Kg8 18. Qxd7 Qxd7 19. Rxd7 Bxf3 20.
Bxf6 Bc6 21. Rc7 Rfc8 22. Be5 Bxa4 23. b3 Bc6 24. f3 b5 25. b4 Rxc7 26. Bxc7
Rc8 27. Be5 Rd8 28. Bc3 Bb7 29. Rc1 Rc8 30. Be1 e5 31. Rd1 Rxc2 32. Rd8+ Kh7
33. Rd7 Bc6 34. Rxf7 e4 35. fxe4 Bxe4 36. g3 Kg8 37. Re7 Bf3 38. Ra7 Rg2+ 39.
Kf1 Rxh2 40. Bc3 Rh7 41. Rxa6 Rh6 42. Ra7 Rg6 43. Kf2 Bd5 44. Rd7 Bc4 45. Kf3
Rg5 46. Kf4 Rg4+ 47. Kf3 Rg5 48. Rc7 Rf5+ 49. Ke4 Rf7 50. Rc8+ Rf8 51. Rc5 Re8+
52. Be5 Kf7 53. g4 Re7 54. Rc6 Re6 55. Rc5 Re7 56. Kf4 Re6 57. g5 g6 58. Ke4
Ra6 59. Rc7+ Ke8 60. Kd4 Ra3 61. Kc5 Rd3 62. Bf6 Rd7 63. Rc8+ Kf7 64. Kc6 Rd5
65. Rc7+ Ke6 66. Re7+ Kf5 67. Re1 Kf4 68. Rc1 Rxg5 69. Bxg5+ Kxg5 70. Kc5 Kf5
71. Kd4 g5 72. Ke3 g4 73. Rd1 g3 74. Kf3 g2 75. Re1 Bd5+ 76. Kf2 Be4 77. Rc1
Bd3 78. Kxg2 Ke4 79. Kf2 Kd4 80. Ke1 Bg6 81. Kd2 Bd3 82. Rh1 Bc4 83. Rh4+ Kd5
84. Ke3 1-0

[Event "1A liga SSFBiH"]
[Site "Bosanska Krupa, hotel "]
[Date "2018.08.28"]
[Round "5.2"]
[White "Sestic, Nermin"]
[Black "Vukic, Milan"]
[Result "0-1"]
[WhiteElo "2153"]
[BlackElo "2386"]
[PlyCount "82"]
[EventDate "2018.08.25"]
[EventRounds "9"]
[EventCountry "BIH"]
[WhiteTeam "ŠK Preporod, Zenica"]
[BlackTeam "ŠK Goražde"]

1. d4 Nf6 2. Nf3 d6 3. e3 g6 4. Be2 Bg7 5. O-O O-O 6. c4 Nbd7 7. b3 e5 8. Bb2
Re8 9. Nc3 c6 10. Qc2 Qe7 11. Ba3 e4 12. Nd2 h5 13. Rae1 Nf8 14. Bd1 Bf5 15.
Qb1 Qe6 16. Bc2 Bh6 17. d5 Qe7 18. dxc6 bxc6 19. Ne2 h4 20. Bb2 N8h7 21. Nd4
Bd7 22. b4 Rab8 23. a3 c5 24. Ne2 cxb4 25. axb4 d5 26. c5 Bb5 27. Bc3 a5 28.
Qb2 Nd7 29. Nb3 axb4 30. Bd4 Nhf8 31. Bb1 Ne6 32. Rd1 Nexc5 33. Nxc5 Nxc5 34.
Bf6 Qe6 35. Bxh4 Na4 36. Qxb4 Bf8 37. Qd2 Qg4 38. Bg3 Qxe2 39. Bxb8 Qxd2 40.
Rxd2 Bxf1 41. Bg3 Bc4 0-1

[Event "1A liga SSFBiH"]
[Site "Bosanska Krupa, hotel "]
[Date "2018.08.28"]
[Round "5.3"]
[White "Muratovic, Efim"]
[Black "Bajramovic, Halid"]
[Result "1-0"]
[WhiteElo "2383"]
[BlackElo "2107"]
[PlyCount "53"]
[EventDate "2018.08.25"]
[EventRounds "9"]
[EventCountry "BIH"]
[WhiteTeam "ŠK Goražde"]
[BlackTeam "ŠK Preporod, Zenica"]

1. Nf3 Nf6 2. g3 d5 3. Bg2 c5 4. O-O Nc6 5. c4 e6 6. cxd5 Nxd5 7. Nc3 Be7 8.
Nxd5 Qxd5 9. d3 O-O 10. Be3 Qd7 11. Rc1 Nd4 12. Rc4 e5 13. Nxe5 Qb5 14. b4 Be6
15. bxc5 Nf5 16. a4 Nxe3 17. axb5 Nxd1 18. Rc2 Bb3 19. Rc1 Rac8 20. d4 b6 21.
Nc6 Rxc6 22. bxc6 bxc5 23. Rfxd1 Bxd1 24. Rxd1 cxd4 25. Rxd4 Bc5 26. Rd7 Bb6
27. c7 1-0

[Event "1A liga SSFBiH"]
[Site "Bosanska Krupa, hotel "]
[Date "2018.08.28"]
[Round "5.4"]
[White "Hadzic, Latif"]
[Black "Stavnjak, Lazar"]
[Result "1/2-1/2"]
[WhiteElo "2053"]
[BlackElo "2221"]
[PlyCount "62"]
[EventDate "2018.08.25"]
[EventRounds "9"]
[EventCountry "BIH"]
[WhiteTeam "ŠK Preporod, Zenica"]
[BlackTeam "ŠK Goražde"]

1. e4 c5 2. Nf3 Nc6 3. d4 cxd4 4. Nxd4 Nf6 5. Nc3 e5 6. Ndb5 d6 7. Bg5 a6 8.
Na3 b5 9. Nd5 Be6 10. c4 Nd4 11. cxb5 Bxd5 12. exd5 Be7 13. Bxf6 Bxf6 14. bxa6
Qa5+ 15. Qd2 Qxd5 16. Nb5 Qe4+ 17. Qe3 Nc2+ 18. Kd2 Qxe3+ 19. fxe3 Nxa1 20.
Nc7+ Ke7 21. Nxa8 Rxa8 22. Bc4 e4 23. Rxa1 d5 24. Be2 Bxb2 25. Rb1 Be5 26. g3
f5 27. Rb6 Ra7 28. a4 Bd6 29. Bb5 Bb4+ 30. Ke2 Ba5 31. Rc6 Bc7 1/2-1/2

[Event "1A liga SSFBiH"]
[Site "Bosanska Krupa, hotel "]
[Date "2018.08.28"]
[Round "5.5"]
[White "Obuca, Bajro"]
[Black "Redzepi, Mehmedalija"]
[Result "1/2-1/2"]
[WhiteElo "2066"]
[BlackElo "1883"]
[PlyCount "58"]
[EventDate "2018.08.25"]
[EventRounds "9"]
[EventCountry "BIH"]
[WhiteTeam "ŠK Goražde"]
[BlackTeam "ŠK Preporod, Zenica"]

1. e4 e6 2. d4 d5 3. exd5 exd5 4. Bd3 Nf6 5. Nf3 Bg4 6. O-O Be7 7. b3 Bh5 8.
Bf4 O-O 9. Nbd2 Nc6 10. c3 Bd6 11. Be3 Ne7 12. Qc2 Bg6 13. Ne5 Bxd3 14. Qxd3 h6
15. f4 Nh7 16. f5 f6 17. Nef3 Ng5 18. h4 Nxf3+ 19. Rxf3 Qd7 20. Rd1 h5 21. Bf2
Kf7 22. Bg3 Rae8 23. Bxd6 Qxd6 24. Rg3 Ng8 25. Qf3 Ke7 26. Rxg7+ Kd8 27. Qxh5
Ne7 28. Qf3 Rg8 29. Rxg8 Rxg8 {NeÃ„Âitko} 1/2-1/2

[Event "1A liga SSFBiH"]
[Site "Bosanska Krupa, hotel "]
[Date "2018.08.28"]
[Round "5.6"]
[White "Besirevic, Jasmin"]
[Black "Hajvaz, Dzemal"]
[Result "0-1"]
[WhiteElo "1863"]
[BlackElo "2053"]
[PlyCount "100"]
[EventDate "2018.08.25"]
[EventRounds "9"]
[EventCountry "BIH"]
[WhiteTeam "ŠK Preporod, Zenica"]
[BlackTeam "ŠK Goražde"]

1. Nf3 Nf6 2. c4 e6 3. d4 b6 4. e3 Bb7 5. Be2 Bb4+ 6. Bd2 Be7 7. Nc3 O-O 8. O-O
Bb4 9. a3 Bxc3 10. Bxc3 d6 11. b4 Ne4 12. Bb2 Nd7 13. Qc2 f5 14. Rac1 Ng5 15.
Qd1 Be4 16. Nxg5 Qxg5 17. Bf3 Nf6 18. c5 dxc5 19. bxc5 Bxf3 20. Qxf3 Ne4 21.
Rc2 bxc5 22. dxc5 Rad8 23. Qf4 Qxf4 24. exf4 c6 25. Be5 Rd5 26. g3 Nd2 27. Bd6
Nxf1 28. Bxf8 Nxh2 29. Bd6 Nf3+ 30. Kf1 Rd3 31. Rb2 Rb3 32. Ra2 Kf7 33. a4 h5
34. Kg2 h4 35. a5 a6 36. Bc7 hxg3 37. fxg3 g5 38. fxg5 Ne1+ 39. Kh2 Nd3 40. Bd8
e5 41. Re2 Rb2 42. Rxb2 Nxb2 43. g4 f4 44. Bc7 Nd3 45. Kg2 e4 46. Kf1 f3 47.
Bg3 e3 48. Kg1 Nxc5 49. Bf4 e2 50. Bd2 Nd3 0-1

[Event "1A liga SSFBiH"]
[Site "Bosanska Krupa, hotel "]
[Date "2018.08.28"]
[Round "5.3"]
[White "Komic, Ibrahim"]
[Black "Mahmutbegovic, Muharem"]
[Result "1-0"]
[WhiteElo "2193"]
[BlackElo "2018"]
[PlyCount "73"]
[EventDate "2018.08.25"]
[EventRounds "9"]
[EventCountry "BIH"]
[WhiteTeam "ŠK Cazin"]
[BlackTeam "OŠK Živinice"]

1. Nf3 Nf6 2. g3 g6 3. b3 Bg7 4. Bb2 Nc6 5. c4 d6 6. d4 e6 7. Bg2 O-O 8. O-O d5
9. Nbd2 Ne4 10. e3 Re8 11. Ne1 Nxd2 12. Qxd2 b6 13. Nd3 Bb7 14. cxd5 exd5 15.
Rfc1 Ne7 16. Rc2 Nf5 17. Rac1 Rc8 18. Bh3 c6 19. a4 Qf6 20. Ba3 Bh6 21. Ne5
Rxe5 22. dxe5 Qxe5 23. Bb2 d4 24. Bxd4 Nxd4 25. Qxd4 Qxd4 26. exd4 Rd8 27. Rd1
c5 28. Bg2 Bxg2 29. Kxg2 cxd4 30. Rc7 a5 31. Rc6 Bf8 32. Rxb6 d3 33. Kf3 Bc5
34. Rb5 Bb4 35. Rxb4 axb4 36. Ke3 Kf8 37. Rxd3 1-0

[Event "1A liga SSFBiH"]
[Site "Bosanska Krupa, hotel "]
[Date "2018.08.28"]
[Round "5.4"]
[White "Sinanovic, Ermin"]
[Black "Abdic, Adnan"]
[Result "0-1"]
[WhiteElo "2155"]
[BlackElo "2123"]
[PlyCount "120"]
[EventDate "2018.08.25"]
[EventRounds "9"]
[EventCountry "BIH"]
[WhiteTeam "OŠK Živinice"]
[BlackTeam "ŠK Cazin"]

1. e4 e5 2. Nf3 Nc6 3. Nc3 Nf6 4. Bb5 Bb4 5. O-O O-O 6. d3 Bxc3 7. bxc3 d6 8.
Bg5 Qe7 9. Re1 Nd8 10. d4 Ne6 11. Bc1 c6 12. Bf1 Rd8 13. g3 c5 14. d5 Nf8 15.
h3 Ng6 16. Nh2 Bd7 17. a4 b6 18. h4 h6 19. c4 a6 20. Bg2 b5 21. h5 Nf8 22. f4
bxc4 23. Bb2 Rab8 24. Bc3 N8h7 25. Qf3 Rb7 26. Bf1 Qe8 27. a5 Bb5 28. Ra2 exf4
29. gxf4 Re7 30. Bg2 Nxd5 31. Bd2 Bc6 32. exd5 Rxe1+ 33. Nf1 Bd7 34. Bc3 Re2
35. Qg3 f6 36. Bf3 Re3 37. Bd2 Re7 38. Kf2 Kh8 39. Ra1 Bf5 40. Ne3 Be4 41. Bg4
Qf7 42. Be6 Rxe6 43. dxe6 Qxe6 44. Rb1 Qf7 45. Qg4 d5 46. Nf5 Qd7 47. Ne3 f5
48. Qg6 c3 49. Be1 Nf8 50. Qxa6 Qf7 51. Qe2 d4 52. Nc4 Qf6 53. Kg1 d3 54. Qf2
d2 55. Nxd2 cxd2 56. Bxd2 Ne6 57. a6 Ra8 58. Rb6 Qa1+ 59. Be1 Rxa6 60. Rb8+ Kh7
0-1

[Event "1A liga SSFBiH"]
[Site "Bosanska Krupa, hotel "]
[Date "2018.08.28"]
[Round "5.5"]
[White "Nuhic, Amir"]
[Black "Ramic, Mirnes"]
[Result "0-1"]
[WhiteElo "2155"]
[BlackElo "2068"]
[PlyCount "68"]
[EventDate "2018.08.25"]
[EventRounds "9"]
[EventCountry "BIH"]
[WhiteTeam "ŠK Cazin"]
[BlackTeam "OŠK Živinice"]

1. e4 e5 2. Nf3 Nc6 3. Bb5 a6 4. Bxc6 dxc6 5. O-O Bd6 6. d4 exd4 7. Qxd4 f6 8.
Nbd2 Be6 9. Nc4 Bxh2+ 10. Kxh2 Qxd4 11. Nxd4 Bxc4 12. Rd1 O-O-O 13. b3 Bf7 14.
Ba3 Nh6 15. c3 Rhe8 16. f3 Re5 17. g4 c5 18. Ne2 b6 19. Rxd8+ Kxd8 20. Rd1+ Kc8
21. Ng3 Re8 22. Bc1 Ng8 23. Kg2 Bg6 24. Ne2 Rd8 25. Rh1 h6 26. Nf4 Bf7 27. Kf2
Ne7 28. Nh5 Bxh5 29. gxh5 Nc6 30. Ke3 Rd7 31. Rg1 Kd8 32. f4 Ke8 33. Rg6 Re7
34. Bd2 Kf7 {neÃƒÆ’Ã¢â‚¬Å¾Ãƒâ€šÃ‚Âitko} 0-1

[Event "1A liga SSFBiH"]
[Site "Bosanska Krupa, hotel "]
[Date "2018.08.28"]
[Round "5.1"]
[White "Kojic, Tigran"]
[Black "Avdic, Mirza"]
[Result "0-1"]
[WhiteElo "2340"]
[BlackElo "2205"]
[PlyCount "82"]
[EventDate "2018.08.25"]
[EventRounds "9"]
[EventCountry "BIH"]
[WhiteTeam "ŠK Igman, Konjic"]
[BlackTeam "ŠK Gracanica"]

1. d4 d6 2. Nf3 Bg4 3. c4 c6 4. Nc3 Nd7 5. g3 e5 6. Bg2 Ngf6 7. O-O Be7 8. h3
Bh5 9. Nh4 O-O 10. Nf5 Bg6 11. Nxe7+ Qxe7 12. dxe5 dxe5 13. Qb3 Rfb8 14. Be3
Bf5 15. Nb1 Be4 16. Nd2 Bxg2 17. Kxg2 Qe6 18. Rac1 Ne8 19. Rfd1 Nf8 20. a4 c5
21. Ne4 b6 22. Rd5 Nc7 23. Rd6 Qe7 24. Rcd1 Nce6 25. R6d5 f5 26. Nd6 f4 27. Bc1
Nd4 28. Qd3 Ng6 29. e3 Ne6 30. exf4 exf4 31. Re1 Qf6 32. Ne4 Qf7 33. Rd7 Rd8
34. Rxf7 Rxd3 35. Rb7 Nd4 36. Nc3 fxg3 37. fxg3 Nf5 38. Ne4 Nxg3 39. Nxg3 Nh4+
40. Kh1 Rxg3 41. Re3 Nf3 0-1

[Event "1A liga SSFBiH"]
[Site "Bosanska Krupa, hotel "]
[Date "2018.08.28"]
[Round "5.2"]
[White "Coric, Ahmed"]
[Black "Pastar, Slaven"]
[Result "0-1"]
[WhiteElo "2131"]
[BlackElo "2307"]
[PlyCount "58"]
[EventDate "2018.08.25"]
[EventRounds "9"]
[EventCountry "BIH"]
[WhiteTeam "ŠK Gracanica"]
[BlackTeam "ŠK Igman, Konjic"]

1. c4 e5 2. d3 Nc6 3. Nc3 g6 4. g3 Bg7 5. Bg2 f5 6. Nf3 Nf6 7. O-O O-O 8. Rb1
a5 9. a3 h6 10. b4 axb4 11. axb4 d6 12. b5 Ne7 13. Qb3 Be6 14. Bb2 g5 15. Nd2
Rb8 16. Ra1 f4 17. Ra7 b6 18. Nd5 Nexd5 19. cxd5 Bg4 20. Bxe5 Bxe2 21. Rc1 Rf7
22. Bxf6 Qxf6 23. Ne4 Qd4 24. Bf1 fxg3 25. hxg3 Rxf2 26. Nxf2 Rf8 27. Bg2 Qxf2+
28. Kh2 Be5 29. d4 Bf3 0-1

[Event "1A liga SSFBiH"]
[Site "Bosanska Krupa, hotel "]
[Date "2018.08.28"]
[Round "5.3"]
[White "Mrndjic, Muamer"]
[Black "Avdic, Adnan A"]
[Result "1-0"]
[WhiteElo "2249"]
[BlackElo "2046"]
[PlyCount "111"]
[EventDate "2018.08.25"]
[EventRounds "9"]
[EventCountry "BIH"]
[WhiteTeam "ŠK Igman, Konjic"]
[BlackTeam "ŠK Gracanica"]

1. d4 d6 2. e4 g6 3. Nc3 Bg7 4. Nf3 Bg4 5. Be2 Nc6 6. Be3 Bxf3 7. Bxf3 e5 8. d5
Nd4 9. Bxd4 exd4 10. Ne2 c5 11. dxc6 bxc6 12. O-O Ne7 13. Nxd4 Qb6 14. c3 Qxb2
15. e5 d5 16. Nxc6 Nxc6 17. Qxd5 O-O 18. Qxc6 Rac8 19. Qa6 Bxe5 20. Qxa7 Qxc3
21. Rad1 Qc7 22. Qxc7 Rxc7 23. Rd5 Re8 24. g3 Bc3 25. Rc1 Re1+ 26. Rxe1 Bxe1
27. Kf1 Bb4 28. Bd1 Kf8 29. Ke2 h5 30. h4 Re7+ 31. Kf3 Re6 32. Kg2 Ke7 33. Bb3
Rf6 34. Rb5 Ba3 35. Rb7+ Ke8 36. f4 Be7 37. a4 Rf5 38. Bc4 Bd8 39. Kf3 Ba5 40.
Ra7 Kf8 41. Ke2 Bb6 42. Rb7 Bd8 43. Rd7 Be7 44. Ra7 f6 45. Bd3 Rc5 46. Bxg6 Rc3
47. Bxh5 Rxg3 48. Bf3 Rh3 49. h5 Rh2+ 50. Kd3 Rh3 51. Ke2 Rh2+ 52. Kd1 Rf2 53.
h6 Rxf3 54. Ra8+ Bd8 55. Rxd8+ Ke7 56. h7 1-0

[Event "1A liga SSFBiH"]
[Site "Bosanska Krupa, hotel "]
[Date "2018.08.28"]
[Round "5.4"]
[White "Mujacic, Haris"]
[Black "Zacinovic, Alija"]
[Result "0-1"]
[WhiteElo "1972"]
[BlackElo "2171"]
[PlyCount "76"]
[EventDate "2018.08.25"]
[EventRounds "9"]
[EventCountry "BIH"]
[WhiteTeam "ŠK Gracanica"]
[BlackTeam "ŠK Igman, Konjic"]

1. d4 g6 2. Bf4 Bg7 3. e3 c5 4. c3 Nf6 5. Nf3 O-O 6. h3 b6 7. Nbd2 Bb7 8. Be2
d6 9. O-O Nbd7 10. Qc2 Rc8 11. Rad1 Qc7 12. Bh2 Rfe8 13. Rfe1 a6 14. a4 Qb8 15.
Qb1 Qa8 16. Bd3 c4 17. Bxc4 Bxf3 18. gxf3 Rxc4 19. Nxc4 Qxf3 20. Bg3 Nf8 21.
Qd3 Ne6 22. Qe2 Qb7 23. Nd2 Ng5 24. Kh2 Nfe4 25. d5 Qxd5 26. Nf3 Qf5 27. Ng1 h5
28. h4 Nxg3 29. fxg3 Ne4 30. Rf1 Qe6 31. Nf3 Nf6 32. Kg2 Qb3 33. Ng5 Rf8 34. e4
Ng4 35. Rd5 Be5 36. a5 b5 37. Kh3 b4 38. cxb4 Qxg3# 0-1

[Event "1A liga SSFBiH"]
[Site "Bosanska Krupa, hotel "]
[Date "2018.08.28"]
[Round "5.5"]
[White "Zenelaj, Fisnik"]
[Black "Nezirovic, Ozren"]
[Result "1-0"]
[WhiteElo "1920"]
[BlackElo "2013"]
[PlyCount "79"]
[EventDate "2018.08.25"]
[EventRounds "9"]
[EventCountry "BIH"]
[WhiteTeam "ŠK Igman, Konjic"]
[BlackTeam "ŠK Gracanica"]

1. c4 e5 2. Nc3 Nf6 3. g3 Nc6 4. Bg2 Bc5 5. e3 d6 6. Nge2 Be6 7. d4 Bxc4 8.
dxc5 dxc5 9. Bxc6+ bxc6 10. Qxd8+ Rxd8 11. Bd2 Bd5 12. Rg1 Ng4 13. e4 Bc4 14.
Rg2 Nf6 15. f3 Rd3 16. Rf2 Ke7 17. O-O-O Rhd8 18. b3 Ba6 19. Bg5 c4 20. Kc2
cxb3+ 21. axb3 Rxd1 22. Nxd1 Bd3+ 23. Kc1 Rb8 24. Kb2 Bc4 25. Nc1 a5 26. Kc3
Ba6 27. Ne3 Ke6 28. Bxf6 Kxf6 29. f4 exf4 30. gxf4 Bc8 31. Nd3 Rb5 32. e5+ Ke7
33. Nc2 Rd5 34. Nd4 Ba6 35. Rd2 Kd7 36. Nf5 Ke8 37. Nxg7+ Kf8 38. Nh5 h6 39.
Nf6 Rb5 40. Nf2 1-0

[Event "1A liga SSFBiH"]
[Site "Bosanska Krupa, hotel "]
[Date "2018.08.28"]
[Round "5.6"]
[White "Alic, Selmir"]
[Black "Zenelaj, Samuel"]
[Result "1/2-1/2"]
[WhiteElo "2051"]
[BlackElo "1869"]
[PlyCount "121"]
[EventDate "2018.08.25"]
[EventRounds "9"]
[EventCountry "BIH"]
[WhiteTeam "ŠK Gracanica"]
[BlackTeam "ŠK Igman, Konjic"]

1. Nf3 Nf6 2. b3 g6 3. Bb2 Bg7 4. e4 d6 5. g3 e5 6. Nc3 O-O 7. Bg2 c5 8. O-O
Nc6 9. d3 Nd4 10. Ne2 b5 11. Nfxd4 cxd4 12. c3 dxc3 13. Nxc3 b4 14. Ne2 Bb7 15.
Qd2 Qb6 16. a4 a5 17. Rac1 Rac8 18. h3 Ba6 19. Rfd1 Nd7 20. Bf3 Nc5 21. Qe3 Qb7
22. d4 Bxe2 23. Bxe2 Nxe4 24. dxe5 Rxc1 25. Rxc1 Nc3 26. Bf3 Qe7 27. Re1 Qxe5
28. Qd2 Qc5 29. Re7 d5 30. Rd7 d4 31. Qd3 Bf6 32. Bc1 Qf5 33. Qxf5 gxf5 34. Bh6
Rd8 35. Rxd8+ Bxd8 36. Kf1 Bb6 37. Ke1 d3 38. g4 fxg4 39. hxg4 Nb1 40. Be3 Bxe3
41. fxe3 Kg7 42. Kd1 Kf6 43. Kc1 Nc3 44. Kd2 Ke5 45. Kxd3 Nd5 46. g5 Nc7 47.
Bh5 Ne6 48. Bxf7 Nxg5 49. Bh5 Ne4 50. Bf3 Nd6 51. Bg2 h5 52. Bf3 h4 53. Bg2 Nf5
54. Bh3 Nd6 55. Bg2 Nf5 56. Bh3 Nd6 57. Bd7 Ne4 58. Bc6 Nd6 59. Bd7 Ne4 60. Bc6
Nd6 61. Bg2 1/2-1/2

[Event "1A liga SSFBiH"]
[Site "Bosanska Krupa, hotel "]
[Date "2018.08.28"]
[Round "6.1"]
[White "Hadzovic, Amir"]
[Black "Avdic, Mirza"]
[Result "1-0"]
[WhiteElo "2245"]
[BlackElo "2205"]
[PlyCount "95"]
[EventDate "2018.08.25"]
[EventRounds "9"]
[EventCountry "BIH"]
[WhiteTeam "ŠK Sarajevo"]
[BlackTeam "ŠK Gracanica"]

1. e4 d5 2. exd5 Qxd5 3. Qf3 Qd6 4. Bc4 Nf6 5. Nc3 Nc6 6. Nb5 Qd8 7. Qg3 e5 8.
d3 a6 9. Nc3 Nh5 10. Qf3 Nf6 11. Qg3 Nd4 12. Qxe5+ Be7 13. Bb3 O-O 14. Nge2 Nf5
15. Ne4 Re8 16. Qc3 a5 17. a3 Nxe4 18. dxe4 Bb4 19. axb4 axb4 20. Bxf7+ Kxf7
21. Qb3+ Be6 22. Rxa8 Qxa8 23. Qf3 Kg8 24. O-O Bc4 25. Qxf5 Bxe2 26. Re1 Bc4
27. Qc5 b5 28. f3 b3 29. cxb3 Qa5 30. Qe3 Be6 31. Bd2 b4 32. Rc1 Rd8 33. Qe1 c5
34. Qe3 Qa2 35. Qg5 Rd3 36. Bf4 h6 37. Qe5 Qxb3 38. h4 Bf7 39. Rxc5 Qd1+ 40.
Kh2 Rxf3 41. gxf3 Qe2+ 42. Kg3 Qe1+ 43. Kg4 Qg1+ 44. Bg3 Kh7 45. h5 Qe3 46.
Qf5+ Kh8 47. Rc8+ Bg8 48. Qd5 1-0

[Event "1A liga SSFBiH"]
[Site "Bosanska Krupa, hotel "]
[Date "2018.08.28"]
[Round "6.2"]
[White "Coric, Ahmed"]
[Black "Terzic, Ilijas"]
[Result "1/2-1/2"]
[WhiteElo "2131"]
[BlackElo "2143"]
[PlyCount "30"]
[EventDate "2018.08.25"]
[EventRounds "9"]
[EventCountry "BIH"]
[WhiteTeam "ŠK Gracanica"]
[BlackTeam "ŠK Sarajevo"]

1. c4 e5 2. d3 Nc6 3. Nc3 f5 4. Nf3 Nf6 5. g3 Bb4 6. Bd2 a5 7. Bg2 d6 8. O-O
O-O 9. a3 Bc5 10. Qc2 Qe8 11. Nb5 Qe7 12. Bc3 e4 13. Nfd4 Nxd4 14. Bxd4 Bxd4
15. Nxd4 e3 1/2-1/2

[Event "1A liga SSFBiH"]
[Site "Bosanska Krupa, hotel "]
[Date "2018.08.28"]
[Round "6.3"]
[White "Gekic, Haris"]
[Black "Avdic, Adnan A"]
[Result "1-0"]
[WhiteElo "2202"]
[BlackElo "2046"]
[PlyCount "50"]
[EventDate "2018.08.25"]
[EventRounds "9"]
[EventCountry "BIH"]
[WhiteTeam "ŠK Sarajevo"]
[BlackTeam "ŠK Gracanica"]

1. e4 c5 2. b3 Nc6 3. Bb2 Nf6 4. Nc3 e6 5. Nf3 e5 6. Bc4 Be7 7. d3 d6 8. h3 Be6
9. O-O Qd7 10. a4 O-O 11. Nh2 d5 12. exd5 Nxd5 13. Re1 f6 14. Nxd5 Bxd5 15. Ng4
Rfe8 16. Ne3 Be6 17. a5 Bf8 18. a6 b6 19. Bb5 Rec8 20. Kh1 Rd8 21. Ra4 Qf7 22.
Qf3 Nd4 23. Bxd4 cxd4 24. Nc4 Rd5 25. Nxb6 Rxb5 {neÄitko} 1-0

[Event "1A liga SSFBiH"]
[Site "Bosanska Krupa, hotel "]
[Date "2018.08.28"]
[Round "6.5"]
[White "Strinic, Halid"]
[Black "Nezirovic, Ozren"]
[Result "1-0"]
[WhiteElo "2116"]
[BlackElo "2013"]
[PlyCount "66"]
[EventDate "2018.08.25"]
[EventRounds "9"]
[EventCountry "BIH"]
[WhiteTeam "ŠK Sarajevo"]
[BlackTeam "ŠK Gracanica"]

1. e4 e5 2. Nf3 Nc6 3. Bc4 Nf6 4. d3 h6 5. O-O d6 6. c3 g6 7. b4 Bg7 8. Re1 O-O
9. Bb3 a6 10. Nbd2 d5 11. a3 dxe4 12. dxe4 Qe7 13. Nc4 Be6 14. Qc2 Nh5 15. Ne3
Bxb3 16. Qxb3 Nf4 17. Nd5 Qe6 18. Qa2 Nxg2 19. Ng5 hxg5 20. Kxg2 Ne7 21. h3
Nxd5 22. exd5 Qf5 23. Qc4 Rac8 24. f3 Bf6 25. Ra2 Qd7 26. Rd2 Qb5 27. Qe4 Kg7
28. c4 Qd7 29. c5 Rh8 30. Qg4 Qa4 31. Bb2 Rh4 32. Qg3 Rd4 33. Bxd4 exd4 1-0